| 000 | 00505nam a2200193 a 4500 | ||
|---|---|---|---|
| 001 | 1773825712265 | ||
| 003 | YourLibrary | ||
| 005 | 20260318145347.0 | ||
| 008 | 260318s2002##################000#0#eng## | ||
| 020 | _a9780195149364 | ||
| 082 | 0 | 4 |
_a362.1042 _bDAN |
| 100 | 1 |
_aDaniels, Norman, _eauthor. |
|
| 245 | 1 | 0 | _aSetting Limits Fairly : |
| 260 |
_bOxford University Press, USA, _c2002. |
||
| 300 | _a191 pages | ||
| 650 | 0 | _aMedical. | |
| 942 | _cENGLISH | ||
| 040 |
_aYourLibrary _beng _cYourLibrary |
||
| 999 |
_c617876 _d617876 |
||